000 00629cam a2200205 a 4500
001 000018283
005 20200929165433.0
008 810323s1969 sp 000 f spa d
035 _a(DLC) 80154722
040 _aDO-SdBNP
_bspa
_cDLC
_dDLC
_dBNPHU
082 _aPR863.44
_bC533t
100 1 _aChiesa de Perez, Carmen.
_939592
245 1 3 _aLa telaraña :
_bnovela /
_cCarmen Chiesa.
260 _aMadrid :
_bAfrodismo Aguado,
_cc1969.
300 _a217 p. ;
_c20 cm.
650 4 _aNovela puertorriqueña
_91185
650 4 _aLiteratura puertorriqueña
_ySIGLO XX
_95311
910 _aCatalogación por copia / LC
049 _aBNGR
999 _c17804
_d17804